Pays avec le plus d'îles - Statistiques

Statistiques générales
  • Ce quiz a été pris 106 fois
  • Le résultat moyen est 5 sur 7
Statistiques - réponses
Hint Réponse % Correct
17 508 Indonésie
88%
50 000 Norvège
82%
7 641 Philippines
82%
221 800 Suède
80%
36 563 Canada
77%
40 000 Finlande
73%
8 222 Australie
59%
Aucun quiz correspondant
Distribution des résultats
% des personnes avec chaque résultat
Percentile par nombre de réponses
Votre historique - résultats
Vous n’avez pas pris ce quiz